00331nam a2200121Ia 4500008004100000041000800041082001700049100001500066245004400081260004200125300003300167365000900200240624s9999 xx 000 0 und d aeng a332.6068 CAS aCASS ALDEN aBULLISH THINKING GUIDE FOR MANAGERS HOW c2008aNew JerseybJohn Wiley and Sons axviii, : 215 : p. : cm. ; 24 cb30